000 02613cam a2200361 4500500
005 20251228053400.0
041 _afre
042 _adc
100 1 0 _aHeyberger, Laurent
_eauthor
245 0 0 _aStature et niveau de vie biologique
260 _c2005.
500 _a25
520 _aRésuméLa stature moyenne des populations humaines constitue ce que l’on nomme un niveau de vie biologique, un indice de nutrition nette ou encore un indice de malnutrition chronique. L’exploitation de 61 334 dossiers individuels de conscrits du Limousin nés entre 1782 et 1920 et des mercuriales de Haute-Vienne permet de cerner la géographie et la chronologie des changements agricoles et leurs conséquences nutritionnelles sur les hommes et le bétail. À une première phase d’érosion des niveaux de vie (conscrits nés en 1782-1851) succède une longue période de croissance de la taille des hommes (conscrits nés en 1851-1920) et du poids des bovins. C’est à partir du milieu du xixe siècle que le Limousin archaïque, région d’élevage, rattrape de façon progressive la moyenne nationale.
520 _aThe average height of human populations is here considered as a biological standard of living, also called index of net nutrition or index of chronic malnutrition. The processing of 61 334 individual data of conscripts born in Limousin between 1782 and 1920 and of the market price lists of the Haute-Vienne département allows us to determine the geography and chronology of agricultural changes and their nutritional consequences on men and cattle health. After a first phase of erosion of the biological standard of living (conscripts born between 1782 and 1851), there was a long period of increase of human height and of cattle weight (conscripts born between 1851 and 1920). From the middle of the 19th century onwards, the Limousin, an archaic cattle-raising region, catched up with this of the national average.
690 _aalimentation
690 _abovins
690 _achangements agricoles
690 _aconscrits
690 _acroissance économique
690 _amarché
690 _aniveau de vie
690 _anutrition
690 _aagricultural changes
690 _acattle
690 _aconscripts
690 _aeconomic growth
690 _afood
690 _amarket
690 _anutrition
690 _astandard of living
786 0 _nHistoire & Sociétés Rurales | 24 | 2 | 2005-10-01 | p. 83-104 | 1254-728X
856 4 1 _uhttps://shs.cairn.info/revue-histoire-et-societes-rurales-2005-2-page-83?lang=fr&redirect-ssocas=7080
999 _c1585311
_d1585311